| 000 | 00541nam a2200205Ia 4500 | ||
|---|---|---|---|
| 003 | GCL | ||
| 008 | 140319s9999 xx 000 0 eng d | ||
| 040 |
_aGCL / _cGCL |
||
| 082 | 0 | 4 |
_a709.381 _bPC |
| 100 | 1 | _aPAPAIOANNOU, KOSTAS | |
| 245 | 1 | 0 |
_aLA CIVILISATION ET L'ART DE LA GREECE ANCIENNE / _cPAPAIOANNOU, KOSTAS |
| 260 |
_a[S.N] : _bMAZENDO ، _c1990 |
||
| 300 | _a352 | ||
| 650 | 0 | 4 | _aART |
| 650 | 0 | 4 | _aART ATHENIAN |
| 650 | 0 | 4 | _aGREECE CIVILIZATION |
| 650 | 0 | 4 | _aGREECE ART |
| 650 | 0 | 4 | _aCIVILIZATION, ANCIENT |
| 942 |
_2ddc _cBK |
||
| 999 |
_c25332 _d25332 |
||